Loading...
An introduction to philosophy/
| Hovedforfatter: | |
|---|---|
| Format: | Printed Book |
| Udgivet: |
Cambridge:
Polity press,
2002.
|
| Fag: |
| LEADER | 00480nam a22001451a 4500 | ||
|---|---|---|---|
| 020 | |a 9780745616636 | ||
| 082 | |a 100 |b JON/I | ||
| 100 | |a Jon Nuttall |9 143316 | ||
| 245 | |a An introduction to philosophy/ |c by Jon Nuttall | ||
| 260 | |a Cambridge: |b Polity press, |c 2002. | ||
| 300 | |a 254p. | ||
| 650 | |a Philosophy |9 143317 | ||
| 942 | |c BK | ||
| 999 | |c 20741 |d 20741 | ||
| 952 | |0 0 |1 0 |4 0 |6 100_000000000000000_JON_I |7 0 |9 29102 |a SSUS |b SSUS |d 2015-01-08 |g 0.00 |o 100 JON/I |p 031871 |r 2019-09-17 |v 0.00 |w 2015-01-08 |y BK | ||